Statistiques concernant Les jeux Mario Kart

Cliquez ici pour prendre le quiz!

Statistiques générales

  • Ce quiz a été pris 66 fois
  • Le résultat moyen est 7 sur 9

Statistiques - réponses

Date de sortieConsoleJeu% Correct
29 mai 2014Wii UMario Kart 8
97%
1er décembre 2011Nintendo 3DSMario Kart 7
92%
8 décembre 2005Nintendo DSMario Kart DS
88%
10 avril 2008WiiMario Kart Wii
88%
14 décembre 1996Nintendo 64Mario Kart 64
86%
7 novembre 2003GameCubeMario Kart : Double Dash !!
80%
28 avril 2017Nintendo SwitchMario Kart 8 Deluxe
76%
27 août 1992Super NintendoSuper Mario Kart
71%
21 juillet 2001Game Boy AdvanceMario Kart : Super Circuit
49%

Distribution des résultats

Percentile par nombre de réponses

% des personnes avec chaque résultat

Votre développement - résultats

Vous n’avez pas pris ce quiz